Quarterbacks with Multiple Super Bowl Titles - Sudden Death - Statistics

General Stats
  • This quiz has been taken 144 times
  • The average score is 8 of 13
Answers on the Grid
Answers color-coded by a green-red scale on the quiz's grid according to % correct below.
Tom Brady
Patrick Mahomes
John Elway
Terry Bradshaw
Joe Montana
Roger Staubach
Peyton Manning
Troy Aikman
Bob Griese
Ben Roethlisberger
Bart Starr
Jim Plunkett
Eli Manning
Jim Kelly
Fran Tarkenton
Brett Favre
Russell Wilson
Jalen Hurts
Dan Marino
Aaron Rogers
Kurt Warner
 
Answer Stats
Answer % Correct
3 Wins Patrick Mahomes
81%
7 Wins Tom Brady
76%
2 Wins Peyton Manning
74%
2 Wins Eli Manning
72%
4 Wins Joe Montana
72%
4 Wins Terry Bradshaw
70%
3 Wins Troy Aikman
65%
2 Wins John Elway
62%
2 Wins Roger Staubach
56%
2 Wins Bart Starr
53%
2 Wins Ben Roethlisberger
52%
2 Wins Bob Griese
47%
2 Wins Jim Plunkett
39%
No matching quizzes found
Score Distribution
Percent of People with Each Score
Percentile by Number Answered
Your Score History
You have not taken this quiz